000 01112nam a2200289 a 4500
008 951123s1984||||[C 0 slo c
020 _c100 Kčs.
_q(15000 výtl.)
040 _aSNK
_bslo
_cSNK
_eAACR2
041 1 _aslo
_hslo
080 _a943.76:323.26"1944/1945"(031)
080 _a323.26"1944/1945"(031)
080 _a323.26"1944/1945"
080 _a943.76(031)
245 1 0 _aDejiny Slovenského národného povstania. 5. zv
_bEncyklopédia odboja a SNP ; Viliam Plevza, Jozef Vladár, Katarína Žišková-Moroňová, Milan Veselý, Oto Takáč, Ivan Lužák
250 _a2., vyd.
260 _aBratislava
_bPravda
_c1984
_eBratislava
_fPravda
300 _a653 s., 102,05 AH
_bTb. Fot. Mp. Noty.
_c28 cm
500 _aSádzané fotosadzbou Svornosť, Bratislava. Rozlož. tit. list. Zozn. skr., aut. ilustr. a spoluprac. inštitúcií.
700 1 _aPlevza, Viliam
_4com
700 1 _aVladár, Jozef
_4com
700 1 _aŽišková-Moroňová, Katarína
_4com
700 1 _aVeselý, Milan
_4bkd
700 1 _aTakáč, Oto
_4bkd
700 1 _aLužák, Ivan
_4bkd
044 _axo
_cSK
958 _aA
999 _c19282
_d19282